[Event "Cairo Assiut op 6th"]
[Site "Cairo"]
[Date "2010.08.07"]
[Round "8"]
[White "El Adnani, Mokliss"]
[Black "Mekki, Nagy"]
[Result "1-0"]
[WhiteElo "2347"]
[BlackElo "2264"]
[PlyCount "85"]
[EventDate "2010.07.30"]
[EventType "swiss"]
[EventRounds "9"]
[EventCountry "EGY"]
[SourceTitle "CBM 137 Extra"]
[Source "ChessBase"]
[SourceDate "2010.09.01"]
[SourceVersion "1"]
[SourceVersionDate "2010.09.01"]
[SourceQuality "1"]

1. e4 c5 2. Nf3 d6 3. d4 cxd4 4. Nxd4 Nf6 5. Nc3 Nc6 6. Bc4 e6 7. Bb3 Be7 8. 0-0 a6 9. Kh1 Bd7 10. f4 Qc7 11. f5 Nxd4 12. Qxd4 Rd8 13. a4 h5 14. Bg5 d5 15. e5 Ng8 16. f6 gxf6 17. exf6 Bc5 18. Qh4 Bc6 19. Rad1 Kf8 20. Bf4 Bd6 21. Qg5 Rh7 22. Rd3 Bxf4 23. Rxf4 Nh6 24. Rh3 Nf5 25. Rxf5 exf5 26. Rg3 Ke8 27. Qg8+ Kd7 28. Qxh7 Qf4 29. Qxf7+ Kc8 30. Qe6+ Kb8 31. Qe3 Qd6 32. Qd4 Re8 33. Re3 Rxe3 34. Qxe3 d4 35. Qd2 Qxf6 36. Ne2 Qg7 37. Nf4 Qg4 38. h3 Qg3 39. Bd5 Bxa4 40. Qb4 Bb5 41. Qd6+ Ka8 42. Qd8+ Ka7 43. Qc7 1-0

[Event "Golden Cleopatra op 6th"]
[Site "Cairo"]
[Date "2002.04.17"]
[Round "11"]
[White "Sadek, Sameh"]
[Black "Mekki, Nagy"]
[Result "1/2-1/2"]
[WhiteElo "2183"]
[BlackElo "2206"]
[PlyCount "57"]
[EventDate "2002.04.07"]
[EventType "swiss"]
[EventRounds "11"]
[EventCountry "EGY"]
[SourceTitle "CBM 087 Extra"]
[Source "ChessBase"]
[SourceDate "2002.05.03"]
[SourceVersion "2"]
[SourceVersionDate "2002.08.09"]
[SourceQuality "1"]

1. c4 Nf6 2. a3 c5 3. Nc3 g6 4. e4 d6 5. Nge2 Bg7 6. d4 cxd4 7. Nxd4 Nc6 8. Nc2 0-0 9. Be2 Be6 10. 0-0 Rc8 11. Ne3 Na5 12. Qa4 Nd7 13. Ncd5 Nc5 14. Qc2 Ncb3 15. Rb1 b5 16. Bd2 Nxd2 17. Qxd2 Nxc4 18. Nxc4 bxc4 19. Rfc1 f5 20. Rxc4 Rxc4 21. Bxc4 fxe4 22. Qe3 Kh8 23. Qxa7 Be5 24. b3 Bd7 25. Nc7 e3 26. fxe3 e6 27. Rf1 Rxf1+ 28. Bxf1 d5 29. Na6 1/2-1/2